UITU Library & LRC     

Junior English Revised (Record no. 2893)

MARC details
000 -LEADER
fixed length control field 00482nam a2200181Ia 4500
008 - FIXED-LENGTH DATA ELEMENTS--GENERAL INFORMATION
fixed length control field 240925s9999 xx 000 0 und d
020 ## - INTERNATIONAL STANDARD BOOK NUMBER
International Standard Book Number 602223261
082 ## - DEWEY DECIMAL CLASSIFICATION NUMBER
Classification number 428 RIC
100 ## - MAIN ENTRY--PERSONAL NAME
Personal name Richads, Haydn
245 #0 - TITLE STATEMENT
Title Junior English Revised
250 ## - EDITION STATEMENT
Edition statement NA
260 ## - PUBLICATION, DISTRIBUTION, ETC.
Place of publication, distribution, etc. London:
Name of publisher, distributor, etc. Gill & TCompny Aylesbury
Date of publication, distribution, etc. NA
300 ## - PHYSICAL DESCRIPTION
Extent Various pages
Other physical details NA
Type of unit Original
500 ## - GENERAL NOTE
General note Includes Reference
600 ## - SUBJECT ADDED ENTRY--PERSONAL NAME
Personal name Humanities & Natural Science
650 ## - SUBJECT ADDED ENTRY--TOPICAL TERM
Topical term or geographic name entry element English and Old English
942 ## - ADDED ENTRY ELEMENTS (KOHA)
Koha item type Books
Holdings
Withdrawn status Lost status Damaged status Not for loan Collection Home library Current library Date acquired Source of acquisition Cost, normal purchase price Total checkouts Full call number Barcode Date last seen Price effective from Koha item type
        Humanities & Basic Sciences UITU Library UITU Library 05/29/1995 Gift 100.00   428 RIC Q0394 09/25/2024 09/25/2024 Books

Powered by Koha